000 00263nam a2200109Ia 4500
008 200302s9999 xx 000 0 und d
100 _aTom Wolfe
245 _aSite : Identity In Density
260 _bImages Publishing, Austraila
260 _c2005
300 _a253 P
999 _c4847
_d4847